Vojenská okupácia a ochrana ľudských práv
Vzťah medzi právom ozbrojených konfliktov a ochranou ľudských práv. Použiteľnosť ľudsko-právnych noriem počas vojenskej okupácie. Príspevok poskytuje analýzu aplikácie relevantných právnych predpisov a smeruje k preskúmaniu komplementarity, kompatibility a prípadných výnimiek pri aplikovateľnosti tý...
Salvato in:
| Autore principale: | |
|---|---|
| Natura: | Capitolo di libro |
| Lingua: | slovacco |
| Soggetti: | |
| Tags: |
Nessun Tag, puoi essere il primo ad aggiungerne!!
|
MARC
| LEADER | 00000nla a2200000 4500 | ||
|---|---|---|---|
| 001 | 0228925 | ||
| 005 | 20240502073753.8 | ||
| 041 | 0 | |a slo | |
| 044 | |a SK | ||
| 245 | 1 | 0 | |a Vojenská okupácia a ochrana ľudských práv |c Klaudia Pyteľová |
| 520 | |a Vzťah medzi právom ozbrojených konfliktov a ochranou ľudských práv. Použiteľnosť ľudsko-právnych noriem počas vojenskej okupácie. Príspevok poskytuje analýzu aplikácie relevantných právnych predpisov a smeruje k preskúmaniu komplementarity, kompatibility a prípadných výnimiek pri aplikovateľnosti týchto noriem. Identifikácia praktických a právnych medzier implementácie ľudsko-právnych záväzkov a možnosti riešenia týchto medzinárodnoprávnych problémov. | ||
| 610 | 2 | 0 | |a konflikty medzinárodné |
| 610 | 2 | 0 | |a vojny |
| 610 | 2 | 0 | |a ochrana ľudských práv |
| 610 | 2 | 0 | |a úpravy právne |
| 610 | 2 | 0 | |a právo humanitárne medzinárodné |
| 100 | 1 | |a Pyteľová, Klaudia, 1985- | |